000 00355nam a2200145Ia 4500
008 200103s9999||||xx |||||||||||||| ||und||
020 _a0273316206,
040 _aIMU-MPC
082 _aColumn-33
100 _aHannah, J. and Hillier, M. J.
245 0 _aApplied Mechanics
260 _bpitman Publishing, London
_c1982
300 _aiv, 444
942 _cBK
999 _c7725
_d7725